| 000 | 00883nam a22002775a 4500 | ||
|---|---|---|---|
| 003 | EG-ScBUE | ||
| 005 | 20211129104127.0 | ||
| 008 | 180120s2015 ua f 000 f ara d | ||
| 017 | _a2014 / 26681 | ||
| 020 | _a9789770933282 | ||
| 040 |
_aEG-ScBUE _bara _erda _cEG-ScBUE _dEG-ScBUE |
||
| 082 | 0 | 4 |
_a892.737 _bن و ح _222 |
| 100 | 1 |
_aنوح، حسين، _d1951- _eمؤلف. |
|
| 245 | 1 | 0 |
_aتعاريج : _bرواية / _cحسين نوح. |
| 250 | _aالطبعة الأولى. | ||
| 264 | 1 |
_aالقاهرة : _bدار الشروق، _c2015. |
|
| 300 |
_a304 صفحة ؛ _c24 سم |
||
| 336 |
_2rdacontent _aنص _btxt |
||
| 337 |
_2rdamedia _aبدون وسيط _bn |
||
| 338 |
_2rdacarrier _aمجلد _bnc |
||
| 650 | 7 |
_aالقصص العربية _xمصر _vقرن 21. _2BUEsh |
|
| 651 | _2BUEsh | ||
| 653 |
_bARALIT _cJanuary2018 |
||
| 655 |
_vReading book _934232 |
||
| 942 | _2ddc | ||
| 999 |
_c25961 _d25933 |
||